000 00460nam a22001817a 4500
003 OSt
008 260210b |||||||| |||| 00| 0 eng d
020 _a978938962709
082 _a615.191 SUQ
100 _aSundhararajan, R
245 _aQuality Assurance
260 _aLukknow
_bThakur pub.
_c2023
300 _a200
650 _aPharmaceutical Analysis and Quality Assurance
700 _aKumudhavalli, M.V
700 _aHarde, Minal
942 _2ddc
_cBK
999 _c13807
_d13807